| 000 | 00864nam a2200325 a 4500 | ||
|---|---|---|---|
| 003 | AR-BaBNM | ||
| 005 | 20251128203323.0 | ||
| 008 | 082120s2002 ||||||||||||||000 | spa|| | ||
| 020 | _a84-7100-355-4 | ||
| 040 | _cAR-BaBNM | ||
| 100 | 1 | _aRomero, Elena | |
| 245 | 0 | 0 | _aLa creación literaria en lengua sefardí |
| 250 | _a1ª ed. | ||
| 260 |
_aMadrid _bMapfre _c1992 |
||
| 300 | _a341 p. | ||
| 490 | 0 |
_aSefarad _vv. 5 |
|
| 504 | _aLa bibliografía para consultar se encuentra al final de cada capítulo. | ||
| 650 | 4 | _aHISTORIA DE LAS RELIGIONES | |
| 650 | 4 | _aHISTORIA SOCIAL | |
| 650 | 4 | _aHISTORIA DE LAS COSTUMBRES | |
| 650 | 4 | _aJUDIOS | |
| 650 | 4 | _aJUDAISMO | |
| 650 | 4 | _aCRISTIANOS | |
| 650 | 4 | _aLITERATURA | |
| 650 | 4 | _aLENGUA | |
| 651 | 4 | _aEspaña | |
| 800 | 1 |
_aGallego, José Andrés _ecoordinador |
|
| 942 | _cBK | ||
| 998 | _cmariana | ||
| 999 |
_c2884 _d2884 |
||